Vowel Vocabulary (AA-AZ) - Statistics

General Stats
  • This quiz has been taken 696 times
  • The average score is 22 of 26
Answer Stats
Hint Answer % Correct
AF Comes before evening Afternoon
97%
AP Audience clapping Applause
97%
AQ Fish tank Aquarium
97%
AO Body's main artery Aorta
95%
AW Prize Award
94%
AY Scottish yes Aye
94%
AJ Slightly open Ajar
93%
AB Kidnap Abduct
92%
AE Spray can's substance Aerosol
91%
AG 007, for example Agent
91%
AN Used to moor ships Anchor
90%
AR Malicious fire starter Arsonist
90%
AK Of similar character Akin
89%
AI Church passageway Aisle
88%
AZ Bright blue Azure
88%
AA Burrowing animal Aardvark
86%
AM Surprise attack Ambush
86%
AH Nautical exclamation Ahoy
85%
AS Cigarette butt receptacle Ashtray
85%
AU Genuine, undisputed Authentic
81%
AD Marital unfaithfulness Adultery
79%
AV Large bird cage Aviary
77%
AT Ring-shaped coral reef Atoll
71%
AL Mutually beneficial union Alliance
67%
AC Squeezebox Accordion
56%
AX Mexican walking fish Axolotl
40%
No matching quizzes found
Score Distribution
Percent of People with Each Score
Percentile by Number Answered
Your Score History
You have not taken this quiz